| 000 | 00839nam a2200181 a 4500 | ||
|---|---|---|---|
| 008 | 120416s0000 ||||||||||||||||| || u | ||
| 020 | _a0435718134 | ||
| 050 | _aTJ 216 Atk | ||
| 100 | _aAtkinson, P | ||
| 245 | 1 | 0 | _aFeedback control theory for engineers |
| 250 | _a2nd ed. | ||
| 260 |
_aLondon _bHeinemann _c1972 |
||
| 300 | _axii, 467p. : ill. | ||
| 350 | _a0.00 | ||
| 995 |
_aANNEX COLLECTION (Main Library) _D0.00 _e719128 _FCBU-MAIN LIBRARY (Kitwe) _H3 _I3.50 _jTJ 216 Atk _UAVAILABLE _y017743 _ZAnnex Low-Usage Collection |
||
| 995 |
_aMAIN LIBRARY OPEN ACCESS _D0.00 _e726652 _FCBU-MAIN LIBRARY (Kitwe) _H2 _I3.50 _jTJ 216 Atk _M1 _UAVAILABLE _y017742 _ZMain Library Open Access Collection |
||
| 995 |
_aMAIN LIBRARY OPEN ACCESS _D0.00 _e726653 _FCBU-MAIN LIBRARY (Kitwe) _H1 _I3.50 _jTJ 216 Atk _UAVAILABLE _y017741 _ZMain Library Open Access Collection |
||
| 999 |
_c63004 _d63004 |
||